000 00594nam a2200205Ia 4500
003 OSt
005 20230511141452.0
008 210423s2004 xx 000 0 und d
020 _a1898486298
040 _cAL
041 _aeng
082 _a576
_223
_bROCP
100 _aROCHELLE (Paul A).
_9103120
245 _aEnvironmental molecular microbiology: protocols and applications.
260 _aEngland
_bHorizon scientific press
_c2004
300 _ax,264
_bPB
365 _b595
_cINR
906 _aapplications. ; Environmental ; microbiology: ; molecular ; protocols
942 _2ddc
_cBK
999 _c164220
_d164220